Guess Proto-Germanic Verbs - Statistics

General Stats
  • This quiz has been taken 72 times
  • The average score is 14 of 20
Answer Stats
Hint Answer % Correct
*bītaną to bite
100%
*slēpaną to sleep
98%
*drinkaną to drink
96%
*swellaną to swell
96%
*etaną to eat
93%
*sūganą to suck
91%
*spīwaną to spit
89%
*flutōną to float
87%
*fleuganą to fly
82%
*sagjaną to say
82%
*sehwaną to see
73%
*flōaną to flow
69%
*hauzijaną to hear
67%
*hlahjaną to laugh
67%
*ganganą to walk
53%
*snīþaną to cut
44%
*aganą to fear
42%
*anþijaną to breathe
33%
*nūaną to rub
29%
*wēaną to blow
16%
No matching quizzes found
Score Distribution
Percent of People with Each Score
Percentile by Number Answered
Your Score History
You have not taken this quiz